Podium des DPOY de la NBA depuis l'an 2000 - Statistiques

Statistiques générales
  • Ce quiz a été pris 41 fois
  • Le résultat moyen est 20 sur 42
Statistiques - réponses
Vainqueur % Correct
Rudy Gobert
100%
LeBron James
88%
Marcus Smart
84%
Draymond Green
81%
Shaquille O'Neal
81%
Dwight Howard
78%
Giannis Antetokounmpo
78%
Tim Duncan
78%
Victor Wembanyama
75%
Evan Mobley
72%
Kobe Bryant / Dikembe Mutombo
72%
Ben Wallace
66%
Jaren Jackson Jr.
66%
Marc Gasol
66%
Gerald Wallace
63%
Kawhi Leonard
63%
Joakim Noah
59%
Anthony Davis
56%
Dikembe Mutombo
53%
Dwyane Wade
53%
Dyson Daniels
53%
Eddie Jones / Dikembe Mutombo
53%
Kevin Garnett
53%
DeAndre Jordan
50%
Joel Embiid
44%
Tyson Chandler
44%
Bam Adebayo
31%
Brook Lopez
31%
Metta World Peace
31%
Marcus Camby
28%
Alonzo Mourning
25%
Paul George
25%
Hassan Whiteside
19%
Serge Ibaka
19%
Roy Hibbert
16%
Ben Simmons
9%
Bruce Bowen
9%
Josh Smith
9%
Mikal Bridges
9%
Andrei Kirilenko
6%
Shane Battier
6%
Theo Ratliff
0%
Aucun quiz correspondant
Distribution des résultats
% des personnes avec chaque résultat
Percentile par nombre de réponses
Votre historique - résultats
Vous n’avez pas pris ce quiz